000 00920naa a2200253 c 4500
001 43067
003 ES-MaCES
005 20120705130200.0
008 120705n2012 sp t 000 | spa d
035 _aCES20120006770v
040 _aES-MaCES
_bspa
_cES-MaCES
100 1 _aOlarte Encabo, Sofía
_919896
245 1 0 _aCláusulas de revisión salarial en la negociación colectiva durante la crisis económica
_cSofía Olarte Encabo
650 4 _aEspaña
_926964
650 4 _acrisis económica
_927102
650 4 _anegociación colectiva
_928362
650 4 _arestricción salarial
_930424
650 4 _adeterminación del salario
_928388
653 1 0 _aRelaciones laborales-Empleo
773 0 _tActualidad laboral
_gn. 1 (1ª quinc. en. 2012){10002 R. 081550}; p. 32-47
_w(ES-MaCES)25022
_929346
902 _aART Artículo de revista
942 _2CES
_cAR
_h2.0.
999 _c43067
_d43067